Science Quiz

Random Science or Astronomy Quiz

Space Shuttle Names Quiz Stats

 Plays Quiz Updated Jan 28, 2016

Score 0/5 Timer 01:00
2 Plays Today
Flights Name % Correct
10Challenger
83.1%
28Columbia
72.3%
37Discovery
69.4%
23Endeavour
56.8%
31Atlantis
55.9%

You're not logged in!

Compare scores with friends on all Sporcle quizzes.
OR
Log In

Sporcle TV

Today on Sporcle TV


Watch our educational content, quiz creation guides, and fun videos on Sporcle TV.

Show Comments

Extras

Top Quizzes Today


Score Distribution

Your Account Isn't Verified!

In order to create a playlist on Sporcle, you need to verify the email address you used during registration. Go to your Sporcle Settings to finish the process.

Report this User

Report this user for behavior that violates our Community Guidelines.

Details: